[Event "SPICE Cup Open 2020"]
[Site "Chesterfield MO USA"]
[Date "2020.10.21"]
[Round "2"]
[White "Bruzon Batista, Lazaro"]
[Black "Lu, Ming"]
[Result "1/2-1/2"]
[WhiteTitle "GM"]
[WhiteElo "2644"]
[BlackElo "2084"]
[WhiteFideId "3503739"]
[BlackFideId "30930880"]
[EventDate "2020.10.20"]

1. Nf3 d5 2. g3 Nf6 3. Bg2 Bf5 4. d3 e6 5. Nh4 Bg4 6. h3 Bh5 7. Nd2 c6 8. O-O
Be7 9. f4 Nfd7 10. Nhf3 Bc5+ 11. Kh1 Be3 12. Qe1 f6 13. g4 Bf7 14. Qg3 Qc7 15.
Nh2 Bc5 16. e4 g5 17. Ndf3 h5 18. e5 hxg4 19. hxg4 Na6 20. d4 Be7 21. fxg5 fxe5
22. Nxe5 Nxe5 23. Bf4 Bd6 24. Bxe5 Bxe5 25. dxe5 O-O-O 26. Rf6 Rh7 27. Rh6 Rg7
28. Rf1 Bg6 29. Nf3 Nc5 30. Nd4 Be4 31. Nxe6 Bxg2+ 32. Kxg2 Nxe6 33. Rxe6 Rxg5
34. Rf5 Qg7 35. Rxg5 Qxg5 36. Rf6 Rh8 37. Rf4 Qh6 38. Rf1 1/2-1/2

[Event "SPICE Cup Open 2020"]
[Site "Chesterfield MO USA"]
[Date "2020.10.21"]
[Round "2"]
[White "Krykun, Yuriy"]
[Black "Liang, Jason"]
[Result "1-0"]
[WhiteTitle "FM"]
[BlackTitle "FM"]
[WhiteElo "2371"]
[BlackElo "2367"]
[WhiteFideId "14140667"]
[BlackFideId "30940303"]
[EventDate "2020.10.20"]

1. Nf3 Nf6 2. g3 d5 3. Bg2 e6 4. d4 Be7 5. c4 O-O 6. Nc3 Nbd7 7. Qd3 c5 8. cxd5
Nxd5 9. Nxd5 exd5 10. dxc5 Nxc5 11. Qc2 Ne4 12. O-O Bf5 13. Nd4 Bg6 14. Qb3 Bf6
15. Rd1 Qb6 16. Qxb6 axb6 17. Be3 Rfc8 18. Rac1 h6 19. Rxc8+ Rxc8 20. f3 Nc5 21.
b3 Ra8 22. Rd2 Bb1 23. a4 Bxd4 24. Rxd4 Nxb3 25. Rxd5 Rxa4 26. Rb5 Ba2 27. Rxb6
Na5 28. Kf2 Bd5 29. Rd6 Be6 30. f4 b5 31. Rb6 Ra2 32. Rb8+ Kh7 33. Be4+ f5 34.
Bd3 Rb2 35. g4 Bc4 36. Bxf5+ g6 37. Bd4 Rxe2+ 38. Kf3 gxf5 39. gxf5 Bg8 40. Kxe2
h5 41. Kf3 Nc6 42. Rb7+ Kh6 43. Bg7+ Kh7 44. Bf6+ 1-0

[Event "SPICE Cup Open 2020"]
[Site "Chesterfield MO USA"]
[Date "2020.10.21"]
[Round "2"]
[White "Shepherd, Duncan"]
[Black "Colas, Joshua"]
[Result "1/2-1/2"]
[BlackTitle "FM"]
[WhiteElo "2033"]
[BlackElo "2255"]
[WhiteFideId "2080311"]
[BlackFideId "2044447"]
[EventDate "2020.10.20"]

1. d4 e6 2. c4 b6 3. Nf3 Bb7 4. g3 Nf6 5. Bg2 Bb4+ 6. Bd2 c5 7. Bxb4 cxb4 8. O-O
a5 9. a3 Na6 10. d5 O-O 11. Nd4 e5 12. Nf5 d6 13. e4 Bc8 14. Ne3 Bd7 15. axb4
axb4 16. Nd2 Nc5 17. b3 b5 18. Qc2 Ng4 19. Nxg4 Bxg4 20. Rfe1 Bd7 21. cxb5 Bxb5
22. Bf1 Bd7 23. Rxa8 Qxa8 24. Nc4 Nb7 25. Qd2 Bb5 26. Qxb4 Bxc4 27. Qxc4 f5 28.
exf5 Rxf5 29. Bh3 Rf8 30. b4 Qa7 31. Re2 Nd8 32. Kg2 Kh8 33. Rc2 Qb6 34. b5 Qb7
35. Kg1 e4 36. Qxe4 Qxb5 37. Qe7 Re8 38. Qg5 Re1+ 39. Kg2 Qf1+ 40. Kf3 Qd3+ 41.
Kg4 Re8 1/2-1/2

[Event "SPICE Cup Open 2020"]
[Site "Chesterfield MO USA"]
[Date "2020.10.21"]
[Round "2"]
[White "Daggupati, Balaji"]
[Black "Yanayt, Eugene"]
[Result "1/2-1/2"]
[WhiteTitle "FM"]
[BlackTitle "FM"]
[WhiteElo "2331"]
[BlackElo "2173"]
[WhiteFideId "2090759"]
[BlackFideId "2020165"]
[EventDate "2020.10.20"]

1. e4 c5 2. Nf3 d6 3. d4 cxd4 4. Nxd4 Nf6 5. Nc3 g6 6. Be3 Bg7 7. f3 O-O 8. Qd2
Nc6 9. O-O-O d5 10. Kb1 Qd7 11. g4 dxe4 12. Nxc6 bxc6 13. Qxd7 Nxd7 14. Nxe4 Ne5
15. Be2 Be6 16. b3 Rfb8 17. Kc1 a5 18. a4 Bxb3 19. cxb3 Rxb3 20. Bd4 Rab8 21.
Kc2 Nxf3 22. Bxg7 Kxg7 23. Bxf3 Rxf3 24. Rhf1 Rxf1 25. Rxf1 Rb4 26. Nc3 Rxg4 27.
Re1 e6 28. Re5 Rg2+ 29. Kb3 Rxh2 30. Rxa5 h5 31. Ra8 Rd2 32. a5 h4 33. a6 Rd7
34. a7 Kf6 35. Kc4 Ke5 36. Kc5 h3 37. Kxc6 Re7 38. Nb5 Rxa7 39. Nxa7 Kf4 40. Rh8
Kg3 41. Nb5 h2 42. Kd6 Kg2 43. Ke5 g5 44. Nd6 h1=Q 45. Rxh1 Kxh1 46. Nxf7 1/2-1/2

[Event "SPICE Cup Open 2020"]
[Site "Chesterfield MO USA"]
[Date "2020.10.21"]
[Round "2"]
[White "Paciorkowski, Lev"]
[Black "Park, Evan"]
[Result "0-1"]
[WhiteElo "2249"]
[BlackElo "2146"]
[WhiteFideId "30904625"]
[BlackFideId "30931142"]
[EventDate "2020.10.20"]

1. Nf3 d5 2. g3 Nf6 3. Bg2 e6 4. O-O Be7 5. d3 O-O 6. Nbd2 c5 7. e4 Nc6 8. Re1
b5 9. exd5 exd5 10. d4 c4 11. a4 b4 12. Ne5 Nxd4 13. Ndxc4 Ne6 14. Nc6 Qc7 15.
Nxe7+ Qxe7 16. Bg5 Ba6 17. Na5 Rac8 18. Nb3 h6 19. Be3 Qc7 20. Rc1 Rfd8 21. Qf3
Ne4 22. Red1 Qe5 23. Nd4 Rc4 24. Nxe6 fxe6 25. Bf1 Rc6 26. Bd4 Qc7 27. Bb5 Bxb5
28. axb5 Rxc2 29. b6 axb6 30. Bxb6 Rxc1 31. Bxc7 Rxc7 32. Qe2 Rf8 33. f3 Ng5 34.
Rd3 Rcf7 35. Kg2 Rf6 36. f4 Ne4 37. Rb3 g5 38. Qg4 Kh8 39. fxg5 Rf2+ 40. Kg1
Rf1+ 41. Kg2 R8f2+ 42. Kh3 Nxg5+ 0-1

[Event "SPICE Cup Open 2020"]
[Site "Chesterfield MO USA"]
[Date "2020.10.21"]
[Round "2"]
[White "Eckert, Doug"]
[Black "Antova, Gabriela"]
[Result "0-1"]
[WhiteTitle "FM"]
[BlackTitle "FM"]
[WhiteElo "2170"]
[BlackElo "2238"]
[WhiteFideId "2001993"]
[BlackFideId "2915235"]
[EventDate "2020.10.20"]

1. d4 d5 2. c4 c6 3. Nf3 Nf6 4. Qb3 e6 5. Bg5 dxc4 6. Qxc4 b5 7. Qc2 Bb7 8. e4
h6 9. Bxf6 Qxf6 10. e5 Qd8 11. Bd3 Nd7 12. O-O Qb6 13. a4 a6 14. Qe2 b4 15. a5
Qa7 16. Nbd2 c5 17. Rfc1 Be7 18. Ne4 O-O 19. dxc5 Nxc5 20. Nxc5 Bxc5 21. Rc4
Rfd8 22. Rf1 Rac8 23. Nd2 Rd4 24. Rxd4 Bxd4 25. Nc4 Bd5 26. Ne3 Bxe3 27. Qxe3
Qxe3 28. fxe3 g5 29. Bxa6 Ra8 30. Bd3 Rxa5 31. Rc1 Ra2 32. e4 Bb3 33. Rc8+ Kg7
34. Rb8 Ra4 35. Kf2 Bd1 36. Ke1 Ra1 37. Kd2 b3 38. g3 h5 39. h3 h4 40. gxh4 gxh4
41. Rb7 Kg6 42. Bc4 Bc2 43. Bxb3 Bxe4 44. Rb4 Kf5 45. Bc2 Bxc2 46. Kxc2 Kxe5 47.
Rxh4 f5 48. Kd3 Rb1 49. Rb4 Rh1 50. h4 Rh3+ 51. Ke2 f4 52. Rb8 Rxh4 53. b4 Ke4
54. Ra8 Rh2+ 55. Kf1 Rb2 56. Ra4 e5 0-1

[Event "SPICE Cup Open 2020"]
[Site "Chesterfield MO USA"]
[Date "2020.10.21"]
[Round "2"]
[White "Ezra, Paul Chambers"]
[Black "Oberoi, Shelev"]
[Result "0-1"]
[WhiteTitle "FM"]
[WhiteElo "2231"]
[BlackElo "2101"]
[WhiteFideId "20300204"]
[BlackFideId "30908590"]
[EventDate "2020.10.20"]

1. d4 Nf6 2. Bf4 b6 3. e3 Bb7 4. Nf3 d6 5. Nbd2 Nbd7 6. Bd3 g6 7. e4 Bg7 8. O-O
O-O 9. c3 h6 10. h3 e5 11. Bh2 Nh5 12. Re1 Qf6 13. Qa4 c6 14. Ba6 Bxa6 15. Qxa6
Qe6 16. Rad1 g5 17. Nc4 Nf4 18. b4 Rad8 19. Ne3 exd4 20. Nxd4 Bxd4 21. Rxd4 c5
22. Rdd1 Ne5 23. Nf5 d5 24. Bxf4 gxf4 25. Qe2 f3 26. gxf3 Kh7 27. Kh1 Rg8 28.
Rg1 Rg6 29. Rg3 Rxg3 30. Nxg3 Qxh3+ 31. Kg1 d4 32. cxd4 cxd4 33. f4 Ng4 34. Qf3
Rc8 35. Qg2 Qh4 36. e5 Rg8 37. Rxd4 Nxe5 38. Qe4+ Ng6 39. Rd7 Rg7 40. Rxa7 Qxf4
41. Kf1 Qc1+ 42. Kg2 Qf4 43. Qxf4 Nxf4+ 44. Kf3 Nd3 45. b5 Rg5 46. a4 Kg6 47.
Ke3 Nc5 48. Ne4 Re5 49. f3 f5 50. Kd4 fxe4 51. Kxe5 exf3 52. Ra6 f2 0-1

[Event "SPICE Cup Open 2020"]
[Site "Chesterfield MO USA"]
[Date "2020.10.21"]
[Round "2"]
[White "Matta, Nicholas"]
[Black "Singh, Hersh"]
[Result "0-1"]
[WhiteElo "2177"]
[BlackElo "2012"]
[WhiteFideId "30914523"]
[BlackFideId "30918804"]
[EventDate "2020.10.20"]

1. d4 d5 2. c4 e6 3. Nc3 Nf6 4. cxd5 exd5 5. Bg5 c6 6. e3 Be7 7. Bd3 Nbd7 8.
Nge2 Nf8 9. O-O Ne6 10. Bh4 O-O 11. f3 b6 12. Kh1 Bb7 13. Bf2 c5 14. Rc1 a6 15.
Bb1 Re8 16. a3 Rc8 17. Qd2 Qd7 18. Rcd1 g6 19. Ba2 c4 20. Ng3 b5 21. e4 dxe4 22.
fxe4 Ng4 23. Bg1 Bg5 24. Qe2 Nf4 25. Qf3 h5 26. Bb1 Bh6 27. h3 f5 28. hxg4 fxg4
29. Qe3 Rf8 30. Bh2 Kh7 31. Nf5 Rxf5 32. Bxf4 Rxf4 33. Rxf4 Rf8 34. Rdf1 Rxf4
35. Rxf4 Bxf4 36. Qxf4 Qxd4 37. Qc7+ Kh6 38. Qf4+ Kh7 39. Kh2 Bc6 40. Qf7+ Kh6
41. Qf8+ Kh7 42. Qe7+ Kh6 43. Qc7 Qf2 44. Qg3 Qd4 45. e5 g5 46. e6 h4 47. Qe1
g3+ 48. Kh1 Qf2 49. Qg1 h3 50. Ne4 hxg2+ 51. Qxg2 Qe1+ 52. Qg1 Bxe4+ 53. Bxe4
Qxe4+ 54. Qg2 Qe1+ 55. Qg1 Qxg1+ 0-1

[Event "SPICE Cup Open 2020"]
[Site "Chesterfield MO USA"]
[Date "2020.10.21"]
[Round "3"]
[White "Lenderman, Aleksandr"]
[Black "Hakobyan, Aram"]
[Result "0-1"]
[WhiteTitle "GM"]
[BlackTitle "GM"]
[WhiteElo "2634"]
[BlackElo "2588"]
[WhiteFideId "2021285"]
[BlackFideId "13306677"]
[EventDate "2020.10.20"]

1. c4 e5 2. g3 Nf6 3. Bg2 d5 4. cxd5 Nxd5 5. Nf3 Nc6 6. O-O Nb6 7. Nc3 Be7 8. d3
O-O 9. Be3 Re8 10. a3 Bf8 11. b4 a5 12. Bxb6 cxb6 13. b5 Nd4 14. Nd2 Bd7 15.
Bxb7 Ra7 16. Bg2 Nxb5 17. Nxb5 Bxb5 18. Qb3 Bd7 19. Bd5 Bh3 20. Rfc1 a4 21. Qc4
b5 22. Qe4 Rc7 23. Rxc7 Qxc7 24. Nf3 h6 25. g4 Qc3 26. Rd1 Bxa3 27. d4 Rc8 28.
Bxf7+ Kxf7 29. Qd5+ Kf8 30. Nxe5 Qb3 31. Ng6+ Ke8 32. Qe5+ Kd8 33. Rf1 Bxf1 34.
Nf4 Qb1 35. Ne6+ Kd7 36. Qxg7+ Be7 37. Nc5+ Rxc5 0-1

[Event "SPICE Cup Open 2020"]
[Site "Chesterfield MO USA"]
[Date "2020.10.21"]
[Round "3"]
[White "Cordova, Emilio"]
[Black "Gledura, Benjamin"]
[Result "1/2-1/2"]
[WhiteTitle "GM"]
[BlackTitle "GM"]
[WhiteElo "2592"]
[BlackElo "2620"]
[WhiteFideId "3801497"]
[BlackFideId "712779"]
[EventDate "2020.10.20"]

1. Nf3 d5 2. d4 Nf6 3. g3 g6 4. Bg2 Bg7 5. O-O O-O 6. Nbd2 c5 7. dxc5 Qc7 8. Nb3
e5 9. Bg5 Be6 10. Qc1 a5 11. a4 Ne4 12. Bh6 f6 13. Bxg7 Kxg7 14. Nfd2 Nxc5 15.
Nxc5 Qxc5 16. Rd1 Qb6 17. Nf1 Rd8 18. Qe3 Qc7 19. Rd2 Ra6 20. Rad1 Rad6 21. Qa3
Na6 22. c3 b6 23. h3 Qc5 24. Qa1 d4 25. Bb7 Nc7 26. Rc1 Ne8 27. cxd4 Qb4 28. d5
Bxd5 1/2-1/2

[Event "SPICE Cup Open 2020"]
[Site "Chesterfield MO USA"]
[Date "2020.10.21"]
[Round "3"]
[White "Nyzhnyk, Illya"]
[Black "Stearman, Josiah"]
[Result "1-0"]
[WhiteTitle "GM"]
[BlackTitle "FM"]
[WhiteElo "2665"]
[BlackElo "2354"]
[WhiteFideId "14118084"]
[BlackFideId "2062496"]
[EventDate "2020.10.20"]

1. c4 c6 2. d4 d5 3. cxd5 cxd5 4. Bg5 Nc6 5. e3 h6 6. Bh4 Nf6 7. Bxf6 exf6 8. a3
Be6 9. Nc3 a6 10. g3 Bd6 11. Bg2 O-O 12. Nge2 Bc7 13. O-O Qd7 14. Nc1 Na5 15.
Nd3 Nc4 16. Nc5 Qc6 17. Qh5 Rad8 18. Rfc1 Ba5 19. Ne2 Qb5 20. Nf4 Rfe8 21. b4
Bb6 22. Nxd5 Bxc5 23. bxc5 Qb2 24. Nc7 Re7 25. Nxe6 fxe6 26. Rab1 Qa2 27. Bxb7
Nxa3 28. Ra1 Qd2 29. c6 Nc2 30. Rd1 Qc3 31. Rac1 Rd5 32. Qe2 Nxd4 33. exd4 1-0

[Event "SPICE Cup Open 2020"]
[Site "Chesterfield MO USA"]
[Date "2020.10.21"]
[Round "3"]
[White "Krykun, Yuriy"]
[Black "Prohaszka, Peter2"]
[Result "1/2-1/2"]
[WhiteTitle "FM"]
[BlackTitle "GM"]
[WhiteElo "2371"]
[BlackElo "2592"]
[WhiteFideId "14140667"]
[BlackFideId "726265"]
[EventDate "2020.10.20"]

1. e4 c6 2. Nf3 d5 3. Nc3 dxe4 4. Nxe4 Nf6 5. Qe2 Bg4 6. Nxf6+ gxf6 7. g3 Nd7 8.
d4 Qc7 9. Bg2 O-O-O 10. O-O e5 11. dxe5 fxe5 12. Qc4 Be6 13. Qa4 Kb8 14. Be3 Nb6
15. Qh4 Bg7 16. Bg5 Rde8 17. Rfe1 h6 18. Bf6 Bxf6 19. Qxf6 Nd7 20. Qh4 f5 21. b4
Bd5 22. a4 e4 23. Nd4 Rhf8 24. b5 Ne5 25. bxc6 Nxc6 26. Rad1 Nxd4 27. Rxd4 Bc6
28. Qxh6 f4 29. Rexe4 Bxe4 30. Bxe4 f3 31. Rb4 a5 32. Rb1 Rh8 33. Qf6 Rhf8 34.
Qd4 Rd8 35. Qe3 Rde8 36. Qd3 Rf6 37. Bxf3 Rb6 38. Rxb6 Qxb6 39. h4 Rd8 40. Qe2
Ka7 41. h5 Rd4 42. Qe8 Rd2 43. Qe3 Qxe3 44. fxe3 b5 45. Bc6 bxa4 46. Bxa4 Rd5
47. g4 Rg5 48. Bd7 Rd5 49. Be6 Re5 50. Bb3 Re4 51. Kh2 Rxg4 52. Kh3 Rb4 53. Bg8
a4 54. Kg3 a3 55. Kf3 Rh4 56. Ke2 Rxh5 57. Kd2 Rc5 58. Kc1 Rg5 59. Bb3 Rg1+ 60.
Kd2 Kb6 61. Kc3 Rb1 62. e4 Kc5 63. e5 Re1 64. e6 Re3+ 65. Kd2 Kd4 66. Kc1 Re1+
67. Kd2 Re5 68. Kc1 Kc3 69. Kb1 Ra5 70. Ka2 Ra7 71. Kb1 Kb4 72. Ka2 Ra5 73. Kb1
Re5 74. Ka2 Re1 75. Bd5 Re2 76. Bb3 Re5 77. Kb1 Kc3 78. Ka2 Re1 79. Kxa3 Ra1+
80. Ba2 Kxc2 81. Kb4 Rxa2 82. Kc5 Kd3 83. e7 Ra8 84. Kd6 Kd4 85. Kd7 Kd5 86.
e8=Q Rxe8 87. Kxe8 1/2-1/2

[Event "SPICE Cup Open 2020"]
[Site "Chesterfield MO USA"]
[Date "2020.10.21"]
[Round "3"]
[White "Repka, Christopher"]
[Black "Stremavicius, Titas"]
[Result "1/2-1/2"]
[WhiteTitle "GM"]
[BlackTitle "GM"]
[WhiteElo "2488"]
[BlackElo "2517"]
[WhiteFideId "14918781"]
[BlackFideId "12804444"]
[EventDate "2020.10.20"]

1. d4 f5 2. e4 fxe4 3. Nc3 Nf6 4. Bg5 c6 5. f3 e3 6. Qd3 Qa5 7. Qxe3 Nd5 8. Qd2
b6 9. Ne4 Qxd2+ 10. Kxd2 Ba6 11. Nh3 Bxf1 12. Rhxf1 Na6 13. Rae1 O-O-O 14. f4
Nac7 15. f5 Re8 16. a3 b5 17. Nf4 e6 18. fxe6 Nxe6 19. Nxe6 Rxe6 20. Rf7 h6 21.
Bh4 g5 22. Bg3 Kd8 23. Be5 Rg8 24. Nf6 Nxf6 25. Bxf6+ Ke8 26. Rh7 Rxe1 27. Kxe1 1/2-1/2

[Event "SPICE Cup Open 2020"]
[Site "Chesterfield MO USA"]
[Date "2020.10.21"]
[Round "3"]
[White "Quesada Perez, Yuniesky"]
[Black "Park, Evan"]
[Result "1-0"]
[WhiteTitle "GM"]
[WhiteElo "2598"]
[BlackElo "2146"]
[WhiteFideId "3504409"]
[BlackFideId "30931142"]
[EventDate "2020.10.20"]

1. e4 c5 2. Nf3 Nc6 3. Bb5 e5 4. O-O Bd6 5. c3 a6 6. Ba4 b5 7. Bc2 Nge7 8. a4
Rb8 9. d3 O-O 10. axb5 axb5 11. Be3 Ng6 12. Nbd2 Be7 13. d4 exd4 14. cxd4 d6 15.
h3 Bd7 16. Re1 Re8 17. Nf1 Nb4 18. Bb1 Rc8 19. Ng3 Bf8 20. Qd2 Nc6 21. Rd1 cxd4
22. Nxd4 Nxd4 23. Bxd4 Qh4 24. Ra7 Be6 25. Bd3 Bc4 26. Nf5 Qd8 27. Bxc4 Rxc4 28.
b3 Rc8 29. Qb2 f6 30. Qe2 Nf4 31. Qg4 Ng6 32. Rd7 Qa5 33. h4 Qa8 34. f3 Rcd8 35.
Rxd8 Rxd8 36. h5 Ne7 37. Nh6+ Kh8 38. Nf7+ Kg8 39. Qe6 1-0

[Event "SPICE Cup Open 2020"]
[Site "Chesterfield MO USA"]
[Date "2020.10.21"]
[Round "3"]
[White "Burke, John M"]
[Black "Oberoi, Shelev"]
[Result "1-0"]
[WhiteTitle "GM"]
[WhiteElo "2538"]
[BlackElo "2101"]
[WhiteFideId "2070901"]
[BlackFideId "30908590"]
[EventDate "2020.10.20"]

1. c4 e5 2. Nc3 Nf6 3. Nf3 Nc6 4. g3 Bc5 5. Bg2 d6 6. O-O a6 7. e3 O-O 8. d4 Ba7
9. h3 Rb8 10. dxe5 dxe5 11. b3 Bf5 12. Ba3 Re8 13. Qxd8 Rbxd8 14. g4 Bd3 15.
Rfd1 Bc2 16. Rdc1 Bg6 17. Nh4 Bd3 18. Nd5 Rd7 19. Rd1 e4 20. Nf4 g5 21. Nxd3
exd3 22. Nf5 Ne4 23. Bb2 Nb4 24. Bxe4 Rxe4 25. Rd2 a5 26. Rad1 a4 27. Bc3 Na6
28. Rxd3 Rxd3 29. Rxd3 Re8 30. Rd7 Kf8 31. Bg7+ Kg8 32. Bf6 Kf8 33. Bxg5 axb3
34. axb3 Bc5 35. Kg2 Ra8 36. Nh6 1-0

[Event "SPICE Cup Open 2020"]
[Site "Chesterfield MO USA"]
[Date "2020.10.21"]
[Round "3"]
[White "Sarkar, Justin"]
[Black "Lu, Ming"]
[Result "1-0"]
[WhiteTitle "IM"]
[WhiteElo "2377"]
[BlackElo "2084"]
[WhiteFideId "2010011"]
[BlackFideId "30930880"]
[EventDate "2020.10.20"]

1. e4 e6 2. d4 d5 3. Nc3 Nf6 4. Bg5 dxe4 5. Nxe4 Be7 6. Bxf6 gxf6 7. Nc3 f5 8.
d5 e5 9. Qh5 a6 10. Nf3 Qd6 11. a4 Qf6 12. O-O-O Nd7 13. d6 Bxd6 14. Nd5 Qg6 15.
Qh4 c6 16. Nxe5 Nxe5 17. Nf6+ Ke7 18. Ne4+ f6 19. Nxd6 Qg5+ 20. Qxg5 fxg5 21.
Nc4 Nxc4 22. Bxc4 Re8 23. h4 g4 24. Rhe1+ Kf8 25. Rxe8+ Kxe8 26. Rd6 b5 27. Bd3
bxa4 28. Rh6 Ra7 29. Rxc6 Kd8 30. g3 Rc7 31. Rb6 Ra7 32. Rb4 Ke7 33. Rxa4 Kf6
34. b4 Ra8 35. Kb2 Rb8 36. c4 Rb6 37. c5 Rc6 38. Kc3 Ke5 39. Ra1 h6 40. Re1+ Kf6
41. Re8 a5 42. bxa5 Bd7 43. Rd8 Rxc5+ 44. Kd4 Rc7 45. a6 Be6 46. Rd6 Ke7 47. Rb6
Rd7+ 48. Ke3 1-0

[Event "SPICE Cup Open 2020"]
[Site "Chesterfield MO USA"]
[Date "2020.10.21"]
[Round "3"]
[White "Colas, Joshua"]
[Black "Zaloznyy, Mike"]
[Result "1-0"]
[WhiteTitle "FM"]
[WhiteElo "2255"]
[BlackElo "1989"]
[WhiteFideId "2044447"]
[BlackFideId "2023075"]
[EventDate "2020.10.20"]

1. Nf3 Nf6 2. c4 b6 3. g3 Bb7 4. Bg2 e6 5. O-O Be7 6. d4 O-O 7. d5 exd5 8. Nh4
c6 9. cxd5 Nxd5 10. Nf5 Nc7 11. e4 d5 12. Qg4 Bf6 13. Nc3 Bc8 14. Rd1 Bxf5 15.
Qxf5 Qc8 16. Qh5 Nd7 17. exd5 Bxc3 18. bxc3 Nf6 19. Qh4 Ncxd5 20. c4 Nc3 21. Re1
Re8 22. Bb2 Ne2+ 23. Kf1 Qf5 24. Bxf6 Qd3 25. Red1 Nxg3+ 26. Kg1 Ne2+ 27. Kh1
Qf5 28. Bg5 Nc3 29. Re1 h6 30. Bxh6 Nxa2 31. Be4 Qa5 32. Rg1 1-0

[Event "SPICE Cup Open 2020"]
[Site "Chesterfield MO USA"]
[Date "2020.10.21"]
[Round "3"]
[White "Singh, Hersh"]
[Black "Daggupati, Balaji"]
[Result "0-1"]
[BlackTitle "FM"]
[WhiteElo "2012"]
[BlackElo "2331"]
[WhiteFideId "30918804"]
[BlackFideId "2090759"]
[EventDate "2020.10.20"]

1. Nf3 d5 2. g3 Nc6 3. d4 Bf5 4. c4 e5 5. dxe5 dxc4 6. Qa4 Qd7 7. Bg2 Nxe5 8.
Qxd7+ Nxd7 9. Nd4 Bxb1 10. Rxb1 O-O-O 11. O-O Ngf6 12. b3 cxb3 13. Rxb3 Nb6 14.
Nb5 Bc5 15. Bf4 Nbd5 16. Rc1 Nxf4 17. gxf4 Bb6 18. Nxc7 Kb8 19. Nb5 Rd2 20. Nc3
Rhd8 21. Bf3 R8d4 22. e3 Rc4 23. Kf1 Nd7 24. Ke1 Rd6 25. Rd1 Rxd1+ 26. Kxd1 Nf6
27. Kc2 Rc7 28. Kd3 Rd7+ 29. Ke2 Rc7 30. Kd3 Rd7+ 31. Ke2 Ba5 32. Na4 b6 33. Nb2
Rd2+ 34. Kf1 Rc2 35. a3 Rc1+ 36. Nd1 Nd7 37. Rd3 Kc7 38. Kg2 Nc5 39. Rd5 Ra1 40.
Re5 Nd3 41. Rd5 Ne1+ 42. Kg3 Nxf3 43. Kxf3 Rxa3 44. Nb2 Bc3 45. Nc4 Ra2 46. Ne5
Bxe5 47. Rxe5 Kd7 48. Rd5+ Ke7 49. Re5+ Kf6 50. Rd5 Rb2 51. Rd7 a5 52. Ra7 Rb4
53. e4 a4 54. e5+ Ke6 55. Kg4 f6 56. Rxg7 fxe5 57. Rxh7 Rxf4+ 58. Kg3 b5 59. Ra7
Rb4 60. h4 Kf5 61. f3 Rb3 62. Kg2 a3 63. Ra6 b4 64. h5 Rc3 65. h6 Rc7 66. Ra4
Rb7 67. h7 Rg7+ 68. Kf2 Rxh7 69. Rxb4 a2 70. Ra4 Rh1 71. f4 a1=Q 0-1

[Event "SPICE Cup Open 2020"]
[Site "Chesterfield MO USA"]
[Date "2020.10.21"]
[Round "3"]
[White "Liang, Jason"]
[Black "Yanayt, Eugene"]
[Result "1-0"]
[WhiteTitle "FM"]
[BlackTitle "FM"]
[WhiteElo "2367"]
[BlackElo "2173"]
[WhiteFideId "30940303"]
[BlackFideId "2020165"]
[EventDate "2020.10.20"]

1. d4 Nf6 2. c4 g6 3. Nc3 Bg7 4. e4 d6 5. Nf3 O-O 6. Be2 e5 7. d5 a5 8. Bg5 Na6
9. Nd2 Qe8 10. O-O Bd7 11. Rb1 h6 12. Be3 Nh7 13. b3 f5 14. f3 f4 15. Bf2 Rf7
16. a3 Bf8 17. b4 axb4 18. axb4 b6 19. Qb3 g5 20. Ra1 Bc8 21. Ra3 Bb7 22. Rfa1
Nf6 23. Ra4 Rg7 24. c5 dxc5 25. Bxa6 Rxa6 26. Rxa6 cxb4 27. Ra7 bxc3 28. Rxb7
cxd2 29. d6+ Kh8 30. dxc7 Qc6 31. Rxb6 Qc1+ 32. Qd1 Rxc7 33. Rbb1 Ba3 34. Kf1
Qc4+ 35. Qe2 Bc1 36. Rb8+ Kg7 37. Rd8 Qc2 38. Ra6 Qb1 39. g4 Bb2+ 40. Kg2 Rc2
41. Rxd2 Rxd2 42. Qxd2 Bd4 43. Bxd4 exd4 44. Qxd4 1-0

[Event "SPICE Cup Open 2020"]
[Site "Chesterfield MO USA"]
[Date "2020.10.21"]
[Round "3"]
[White "Matta, Nicholas"]
[Black "Paciorkowski, Lev"]
[Result "1-0"]
[WhiteElo "2177"]
[BlackElo "2249"]
[WhiteFideId "30914523"]
[BlackFideId "30904625"]
[EventDate "2020.10.20"]

1. d4 Nf6 2. c4 g6 3. Nc3 d5 4. cxd5 Nxd5 5. e3 Bg7 6. Nxd5 Qxd5 7. Ne2 O-O 8.
Nc3 Qd8 9. Be2 c5 10. d5 e6 11. e4 exd5 12. exd5 Na6 13. O-O Nc7 14. Bf3 Ne8 15.
Be3 c4 16. Bc5 Nd6 17. Qa4 Bd7 18. Qa3 Nf5 19. d6 b6 20. Be3 Re8 21. Nd5 Bf8 22.
Bf4 Nd4 23. Rad1 Bg7 24. Rd2 a5 25. Ne7+ Kf8 26. Rxd4 Bxd4 27. Bh6+ Bg7 28. Qc3
Rxe7 29. Qxg7+ Ke8 30. Qh8# 1-0

[Event "SPICE Cup Open 2020"]
[Site "Chesterfield MO USA"]
[Date "2020.10.21"]
[Round "3"]
[White "Eckert, Doug"]
[Black "Ezra, Paul Chambers"]
[Result "0-1"]
[WhiteTitle "FM"]
[BlackTitle "FM"]
[WhiteElo "2170"]
[BlackElo "2231"]
[WhiteFideId "2001993"]
[BlackFideId "20300204"]
[EventDate "2020.10.20"]

1. d4 Nf6 2. c4 c5 3. d5 e6 4. Nc3 exd5 5. cxd5 d6 6. e4 g6 7. f4 Bg7 8. Bb5+
Nfd7 9. Nf3 O-O 10. O-O a6 11. Bd3 b5 12. Kh1 Nb6 13. f5 N8d7 14. Bg5 Bf6 15.
Bf4 Qe7 16. Qd2 Ne5 17. Nxe5 Bxe5 18. Bxe5 Qxe5 19. Rae1 Ra7 20. Ne2 Kh8 21. Ng1
f6 22. Nf3 Qe8 23. Qf4 Rd7 24. fxg6 hxg6 25. Ng5 c4 26. Bc2 Qe5 27. Ne6 Qxf4 28.
Rxf4 Rff7 29. Ref1 f5 30. g4 Rde7 31. gxf5 gxf5 32. Rh4+ Rh7 33. Rxh7+ Rxh7 34.
Ng5 Rg7 35. h4 fxe4 36. Bxe4 Kg8 37. Rf6 Na4 38. Rxd6 Rd7 39. Rg6+ Rg7 40. Rd6
Rd7 41. Bh7+ Kf8 42. Rf6+ Ke7 43. Re6+ Kd8 44. Be4 Nc5 45. Re5 Kc7 46. Bf5 Rd8
47. Bxc8 Rxc8 48. h5 Nd3 49. Re2 Nf4 50. Re7+ Kd6 51. Ra7 Nxh5 52. Ne4+ Kxd5 53.
Rxa6 Kxe4 0-1

[Event "SPICE Cup Open 2020"]
[Site "Chesterfield MO USA"]
[Date "2020.10.22"]
[Round "4"]
[White "Hakobyan, Aram"]
[Black "Cordova, Emilio"]
[Result "1/2-1/2"]
[WhiteTitle "GM"]
[BlackTitle "GM"]
[WhiteElo "2588"]
[BlackElo "2592"]
[WhiteFideId "13306677"]
[BlackFideId "3801497"]
[EventDate "2020.10.20"]

1. d4 Nf6 2. Nf3 e6 3. c4 b6 4. e3 Bb7 5. Bd3 Bb4+ 6. Nbd2 O-O 7. a3 Bxd2+ 8.
Nxd2 c5 9. dxc5 bxc5 10. b4 Nc6 11. Qb3 Ng4 12. O-O Nce5 13. Be2 1/2-1/2